01406nam a2200301 450000100060000000300080000600500170001400800410003103500190007203500190009104000600011004100080017008200180017810000110019624500470020726000820025430000260033649000470036250001120040950400270052150503230054870000140087170000500088570000380093570000370097370000430101070000510105330737BD-RjUL20211209051617.0140412s1950 enk 001 0 eng d a(BD-RjUL)30824 a(OCoLC)3714499 aEnoch Pratt free librarycOTdOUrCdOCoLCdBD-RjULbeng aeng a183bPLS 19500 aPlato.10aSocratic discourses /cPlato and Xenophon. aLondon:bJ.M. Dent & sons, ltd.;aNew York,bE.P. Dutton & co.cc.1910.[1950] axxiii, 364 p.c18 cm.0 aEveryman's library. Classical ;v[no. 457] aAt foot of half-title: Plato and Xenophon. Socratic discourses, with an introduction by A. D. Lindsay, M.A. aBibliography: p. xxii.0 aXenophon's Memorabilia, tr. by Rev. J. S. Watson.--Apology, or the defence of Socrates, tr. by Sarah Fielding.--Symposium, or banquet, tr. by James Wellwood.--Plato's Lysis, tr. by J. Wright.--Protagoras, tr. by J. Wright.--Euthyphro, tr. by F. M. Stawell.--Apology, tr. by F. M. Stawell.--Crito, tr. by F. M. Stawell.0 aXenophon.1 aWatson, J. S.q(John Selby),d1804-1884,etr.1 aFielding, Sarah,d1710-1768,etr.1 aWelwood, James,d1652-1727,etr.1 aWright, J.q(Josiah),d1842-1894,etr.1 aStawell, F. M.q(Florence Melian),d1869-1936.